000
00285nam a2200109Ia 4500
008
200302s9999 xx 000 0 und d
100
_a
Martin M. Pegler
245
_a
Market Supermarket & Hypermarket Design
260
_b
Retail Reporting Corporation
260
_c
1990
300
_a
224 P.,
999
_c
1025
_d
1025